Logo BPK

Biblioteka

Politechniki Koszalińskiej

Vvedenije w teoriju verojatnostej i ee prilożenija : (Rekord nr 28028)

Szczegóły MARC
000 -ETYKIETA REKORDU
podpole kontrolne o stałej długości 00476nam a2200157 i 4500
001 - NUMER KONTROLNY REKORDU
pole kontrolne bg
040 ## - ŹRÓDŁO KATALOGOWANIA
Instytucja, która utworzyła rekord BPK
041 ## - KOD JĘZYKA
Kod języka tekstu pol
080 ## - UNIWERSALNA KLASYFIKACJA DZIESIĘTNA - UKD
UKD 519.2
008 - POLE O STAŁEJ DŁUGOŚCI - DANE KONTROLNE
podpole kontrolne o stałej długości s pl f |000 0 pol
100 1# - NAZWA OSOBOWA
Nazwa osobowa FELLER, William
245 #0 - TYTUŁ/ODPOWIEDZIALNOŚĆ
Tytuł Vvedenije w teoriju verojatnostej i ee prilożenija :
Ciąg dalszy tytułu v 2-ch tomach /
Pozostałe elementy strefy tytułu i oznaczenia odpowiedzialności William Feller ; perevod so vtorogo ang. izd. Ju. V. Prochova. - T. 2.
260 ## - STREFA ADRESU WYDAWNICZEGO
Miejsce wydania Moskwa :
Nazwa wydawcy/dystrybutora "Mir",
Data publikacji, dystrybucji/powstania dokumentu 1984[?].
300 ## - STREFA OPISU FIZYCZNEGO
Objętość 751, [1] s. ;
Rozmiary 23 cm.
856 ## - LOKALIZACJA I DOSTĘP DO ELEKTRONICZNYCH DOKUMENTÓW ZDALNYCH
Link (URL) http://koha.tu.koszalin.pl/cgi-bin/koha/opac-detail.pl?biblionumber=28028
Tekst linku Katalog online BPK
942 ## - DODATKOWE ELEMENTY (KOHA)
Typ dokumentu Książka
Egzemplarze
Wycofany Status egzemplarza Uszkodzony Dostępność Lokalizacja stała Lokalizacja bieżąca Miejsce przechowywania Sygnatura Kod kreskowy Typ dokumentu
      Dostępny Biblioteka Politechniki Koszalińskiej Biblioteka Politechniki Koszalińskiej Wypożyczalnia BG 32325 01589788 Książka
© 2023 Biblioteka Politechniki Koszalińskiej :: KOHA